Scouse Slang Multiple Choice - Statistics

General Stats
  • This quiz has been taken 462 times
  • The average score is 12 of 15
Answer Stats
Question Answer % Correct
Scran Food/Eat
96%
Bizzies Police
93%
Chocker Very Busy
85%
Arl Fella Father
84%
Kecks Trousers
83%
Baltic Very Cold
83%
Made up Happy
82%
Barnet Hair
81%
West Messed up/Crazy
81%
Bifter Cigarette
80%
Jarg Fake
77%
Ozzy The Hosiptal
77%
Webs Shoes
76%
Sagging Off Bunking off
61%
Grid Face/Mouth
39%
No matching quizzes found
Score Distribution
Percent of People with Each Score
Percentile by Number Answered
Your Score History
You have not taken this quiz